| 000 | 01526nam0a22002771 4500 | ||
|---|---|---|---|
| 001 | rc\147764 | ||
| 005 | 20250612175151.0 | ||
| 035 | _a(NLR Aleph) 008764085 | ||
| 090 |
_a7883184 _c7883184 |
||
| 100 | _a20030307d1991 |||y0rusy50 ca | ||
| 101 | 0 | _arus | |
| 102 | _aRU | ||
| 105 | _ay ||||||||| | ||
| 200 | 1 |
_aВЗРЫВОЗАЩИЩЕННЫЕ и рудничные электродвигатели _eВ части подразд. _e01.20 "Двигатели взрывозащищен. асинхрон. единых серий", 01.21 "Двигатели взрывозащищен. асинхрон. разных типов", 01.22 "Двигатели взрывозащищен. синхрон", 01.23 "Двигатели взрывозащищен. постоян. тока" _eНоменклатур. кат. НК 01.2.01-91 _eВзамен НК 01.2.01-85 _fИнформэлектро. Аналит.-издат. центр "Изана" |
|
| 210 |
_aМ. _cИзана _d1991 |
||
| 215 |
_a40 с. _d14х21 |
||
| 225 | 1 | _aСерия 01. "Электронные машины" | |
| 225 | 1 | _aЭлектротехника СССР | |
| 606 | 1 |
_aРудничные электрические двигатели _jКаталоги _2nlr_sh1 |
|
| 712 | 0 | 2 | _aВНИИ информации и техн.-экон. исследований в электронике |
| 801 | 0 |
_aRU _bNLR _gpsbo |
|
| 801 | 1 |
_aRU _bELAR _2rusmarc |
|
| 801 | 2 |
_aRU _bNLR _c20050419 _2rusmarc |
|
| 852 |
_aNLR _bПт _j20/325-01.2.01-91 |
||
| 942 | _cBOOK | ||
| 980 | _aNB | ||